[Event "ESP-ch U18"]
[Site "Spain"]
[Date "1997.??.??"]
[Round "3"]
[White "Gemio, Pedro"]
[Black "Mateos Moreno, Jesus F"]
[Result "0-1"]
[WhiteElo "1800"]
[BlackElo "1800"]
[PlyCount "132"]
[EventDate "1997.??.??"]
[EventType "swiss"]
[EventRounds "9"]
[EventCountry "ESP"]
[SourceTitle "EXT 2001"]
[Source "ChessBase"]
[SourceDate "2000.11.22"]
[SourceVersion "1"]
[SourceVersionDate "2000.11.22"]
[SourceQuality "1"]

1. e4 d6 2. d4 Nf6 3. Nc3 g6 4. Bc4 Bg7 5. Nf3 0-0 6. 0-0 Nxe4 7. Bxf7+ Rxf7 8. Nxe4 Bg4 9. Neg5 Rf8 10. h3 Bxf3 11. Nxf3 Nc6 12. c3 d5 13. Re1 Qd6 14. Qe2 Rae8 15. Qe6+ Qxe6 16. Rxe6 Rf6 17. Rxf6 exf6 18. Bf4 Rc8 19. Re1 Kf7 20. g4 h6 21. h4 g5 22. Bg3 Na5 23. b3 c5 24. Bd6 Bf8 25. dxc5 Bxd6 26. cxd6 Re8 27. Rxe8 Kxe8 28. hxg5 hxg5 29. Nd4 Kd7 30. Nf5 b6 31. f3 Nb7 32. Kf2 Nxd6 33. Ke3 Nb5 34. Kd3 Nc7 35. Kd4 Nb5+ 36. Ke3 Ke6 37. a4 Na3 38. Kd4 Nc2+ 39. Kd3 Ne1+ 40. Ke2 Ng2 41. Nd4+ Kd7 42. Kd3 a6 43. Nf5 Ke6 44. Kd4 Ne1 45. Ng7+ Kf7 46. Nh5 Nxf3+ 47. Kxd5 Ne5 48. a5 bxa5 49. c4 Nxg4 50. c5 Ke7 51. Kc6 Ne5+ 52. Kb6 f5 53. c6 Nxc6 54. Kxc6 Ke6 55. Kb6 Ke5 56. Ng3 f4 57. Nf1 g4 58. Kxa6 g3 59. Kxa5 g2 60. Nd2 Kd4 61. Nf3+ Ke3 62. Ng1 f3 63. Nxf3 Kxf3 64. b4 g1Q 65. Ka6 Ke4 66. b5 Kd5 0-1